| 000 | 01193cam a2200229 4500 | ||
|---|---|---|---|
| 001 | WB4019-17 | ||
| 008 | 040518n2004 000 0 eng u | ||
| 035 | _a(Sirsi) u126222 | ||
| 245 | _aReport highlights policy deficiency | ||
| 260 | _c2004 | ||
| 490 |
_aPlanning (for the Natural and Built Environment) _v(1569) 14 May 2004, 5(1) |
||
| 520 | _aResearch by the Centre for Local Economic Strategies (CLES) think tank, 'Disability and regeneration agenda: making the links, suggests that disabled people could become more involved in regeneration. The paper identifies barriers that prevent the inclusion of disabled people in regeneration initiatives and policy. Argues that the Single Regeneration Budget and wider regeneration policy require greater recognition of the role that disabled people can play in renewal. For the report: http://www.cles.org.uk/document_store/%7B4EE4F3BA- 2921-4DE5-8B2C-083628FCC95D%7D.pdf | ||
| 590 | _aWB | ||
| 590 | _aWB | ||
| 650 | _aREGENERATION | ||
| 650 | _aDISABLED PEOPLE | ||
| 650 | _aCENTRE FOR LOCAL ECONOMIC STRATEGIES | ||
| 650 | _aSINGLE REGENERATION BUDGET | ||
| 650 | _aSOCIAL EXCLUSION | ||
| 690 | _aREGENERATION | ||
| 942 | _n0 | ||
| 999 |
_c117365 _d117365 |
||